Normal view
MARC view
- Leonard Parker and Steven M Christensen
Entry Personal Name
001 - CONTROL NUMBER
- control field: 3743
003 - CONTROL NUMBER IDENTIFIER
- control field: OSt
005 - DATE AND TIME OF LATEST TRANSACTION
- control field: 20201108151802.0
008 - FIXED-LENGTH DATA ELEMENTS
- fixed length control field: 201108|| aca||aabn | a|a d
040 ## - CATALOGING SOURCE
- Original cataloging agency: OSt
- Transcribing agency: OSt
100 ## - HEADING--PERSONAL NAME
- Personal name: Leonard Parker and Steven M Christensen
670 ## - SOURCE DATA FOUND
- Source citation: Work cat.: (OSt): Parker,Leonard 3741, Mathtensor/A System for Doing Tensor Analysis by Computer, c1994
